000 00370nam a2200145Ia 4500
008 231129s1993||||xx |||||||||||||| ||spa||
020 _a950-99574-2-9
040 _bspa
082 _a294.54 ó82n
100 _aOsho
245 0 _aEl nuevo niño
260 _c1993
264 _aBuenos Aires Argentina : Mutar
942 _2ddc
_cBKS
999 _c11886
_d11886